MARC details
| 000 -CABECERA |
| campo de control de longitud fija |
00805nam a2200217 a 4500 |
| 005 - FECHA Y HORA DE LA ÚLTIMA TRANSACCIÓN |
| campo de control |
20250618063842.0 |
| 008 - ELEMENTOS DE LONGITUD FIJA--INFORMACIÓN GENERAL |
| campo de control de longitud fija |
991125s1994 mx 000 0 spa u |
| 035 ## - NÚMERO DE CONTROL DEL SISTEMA |
| Número de control de sistema |
UPN01000019312 |
| 049 ## - COLECCIÓN |
| Colección |
F |
| 050 #4 - SIGNATURA TOPOGRÁFICA DE LA BIBLIOTECA DEL CONGRESO |
| Número de clasificación |
F1220 |
| Número de documento/Ítem |
E5.4 1990 |
| 111 2# - ASIENTO PRINCIPAL--NOMBRE DE REUNION |
| Nombre de congreso/reunión o jurisdicción como elemento de entrada |
Encuentro de Autoridades Tradicionales |
| Fecha del congreso/reunión |
(1990 : |
| Sede del congreso/Lugar de la reunión |
Alaquines, San Luis Potosí) |
| 9 (RLIN) |
42910 |
| 245 10 - MENCIÓN DE TÍTULO |
| Título |
Encuentro de autoridades tradicionales : |
| Resto del título |
Alaquines, Huauchinango, 1991 / |
| Mención de responsabilidad, etc. |
comp. Teresa Valdivia Dounce. |
| 260 ## - PUBLICACIÓN, DISTRIBUCIÓN, ETC. |
| Lugar de publicación, distribución, etc. |
México : |
| Nombre del editor, distribuidor, etc. |
INI, |
| Fecha de publicación, distribución, etc. |
1994. |
| 300 ## - DESCRIPCIÓN FÍSICA |
| Extensión |
46 p. |
| 440 #0 - MENCIÓN DE SERIE/ASIENTO SECUNDARIO--TÍTULO |
| Título |
Cuadernos de antropología jurídica ; |
| Designación de volumen o secuencia |
3 |
| 650 #2 - ASIENTO SECUNDARIO DE MATERIA - TERMINO TEMATICO |
| Término de materia o nombre geográfico como elemento de entrada |
Indígenas de México |
| Subdivisión geográfica |
San Luis Potosí |
| 9 (RLIN) |
27586 |
| 650 #4 - ASIENTO SECUNDARIO DE MATERIA - TERMINO TEMATICO |
| Término de materia o nombre geográfico como elemento de entrada |
Indígenas de México |
| Subdivisión geográfica |
Puebla |
| 9 (RLIN) |
27569 |
| 650 #4 - ASIENTO SECUNDARIO DE MATERIA - TERMINO TEMATICO |
| Término de materia o nombre geográfico como elemento de entrada |
Indígenas de México |
| 9 (RLIN) |
457 |
| 700 1# - ASIENTO SECUNDARIO--NOMBRE DE PERSONAL |
| Nombre de persona |
Valdivia Dounce, María Teresa, |
| Término indicativo de función/relación |
comp. |
| 9 (RLIN) |
39469 |
| 905 ## - TIPO DE MATERIAL |
| Tipo de material |
Libro |